| 000 | 00718nam a2200217 i 4500 | ||
|---|---|---|---|
| 001 | 71309 | ||
| 003 | ES-MaACL | ||
| 005 | 20240927063114.0 | ||
| 007 | t| | ||
| 008 | 040809s1973 sp ||||1| spa d | ||
| 100 | 0 |
_aGaya Nuño, Juan Antonio, _d1913-1976 _956130 |
|
| 245 | 1 | 0 |
_aFrancisco Gutiérrez Cossío _b: vida y obra / _cJuan Antonio Gaya Nuño. |
| 260 |
_a[Madrid : _bI. E. E. Torroba, _c1973] |
||
| 300 |
_a233 p., 10 lám. : _bil. ; _c31 cm. |
||
| 490 | 1 | _aArte contemporáneo español | |
| 700 | 0 |
_aCossío, Pancho. _941021 |
|
| 830 | 0 |
_aArte contemporáneo español _9182302 |
|
| 852 |
_aES-MaACL _jE-6439 _bR.91082 |
||
| 852 |
_aES-MaACL _jC-51834 _bR.85423 |
||
| 999 |
_c71309 _d71309 |
||